Les 100 plus grandes villes de France en Auvergne Rhône Alpes - Statistiques

Statistiques générales
  • Ce quiz a été pris 226 fois
  • Le résultat moyen est 8 sur 9
Statistiques - réponses
Ville
Population
(en milliers)
% Correct
3 Lyon 522
100%
16 Grenoble 158
96%
14 Saint Étienne 173
92%
29 Annecy 130
90%
22 Clermont-Ferrand 147
84%
20 Villeurbanne 152
84%
97 Chambéry 58
83%
83 Valence 64
75%
77 Vénissieux 67
52%
Aucun quiz correspondant
Distribution des résultats
% des personnes avec chaque résultat
Percentile par nombre de réponses
Votre historique - résultats
Vous n’avez pas pris ce quiz